Characterization of obesity-related diseases and inflammation using single cell immunophenotyping in two different diet-induced obesity models

Elmentve itt :
Bibliográfiai részletek
Szerzők: Ruppert Zsófia
Neuperger Patricia
Rákóczi Bettina
Gémes Nikolett
Dukay Brigitta
Hajdu Petra
Péter Mária
Balogh Gábor
Tiszlavicz László
Vigh László
Török Zsolt
Puskás László
Szebeni Gábor
Tóth Erzsébet Melinda
Dokumentumtípus: Cikk
Megjelent: 2024
Sorozat:INTERNATIONAL JOURNAL OF OBESITY 48 No. 11
Tárgyszavak:
doi:10.1038/s41366-024-01584-6

mtmt:35133023
Online Access:http://publicatio.bibl.u-szeged.hu/34812
LEADER 01312nab a2200373 i 4500
001 publ34812
005 20241108111512.0
008 241007s2024 hu o 000 eng d
022 |a 0307-0565 
024 7 |a 10.1038/s41366-024-01584-6  |2 doi 
024 7 |a 35133023  |2 mtmt 
040 |a SZTE Publicatio Repozitórium  |b hun 
041 |a eng 
100 1 |a Ruppert Zsófia 
245 1 0 |a Characterization of obesity-related diseases and inflammation using single cell immunophenotyping in two different diet-induced obesity models  |h [elektronikus dokumentum] /  |c  Ruppert Zsófia 
260 |c 2024 
300 |a 1568-1576 
490 0 |a INTERNATIONAL JOURNAL OF OBESITY  |v 48 No. 11 
650 4 |a Biológiai tudományok 
650 4 |a Általános orvostudomány 
700 0 1 |a Neuperger Patricia  |e aut 
700 0 1 |a Rákóczi Bettina  |e aut 
700 0 1 |a Gémes Nikolett  |e aut 
700 0 1 |a Dukay Brigitta  |e aut 
700 0 1 |a Hajdu Petra  |e aut 
700 0 1 |a Péter Mária  |e aut 
700 0 1 |a Balogh Gábor  |e aut 
700 0 1 |a Tiszlavicz László  |e aut 
700 0 1 |a Vigh László  |e aut 
700 0 1 |a Török Zsolt  |e aut 
700 0 1 |a Puskás László  |e aut 
700 0 1 |a Szebeni Gábor  |e aut 
700 0 1 |a Tóth Erzsébet Melinda  |e aut 
856 4 0 |u http://publicatio.bibl.u-szeged.hu/34812/1/35133023.pdf  |z Dokumentum-elérés